Ayurvedopadeshsangrah: principles of ayurveda a collection. (Record no. 106712)
[ view plain ]
| 000 -LEADER | |
|---|---|
| fixed length control field | 01020nam a2200217Ia 4500 |
| 003 - CONTROL NUMBER IDENTIFIER | |
| control field | OSt |
| 005 - DATE AND TIME OF LATEST TRANSACTION | |
| control field | 20260625102357.0 |
| 008 - FIXED-LENGTH DATA ELEMENTS--GENERAL INFORMATION | |
| fixed length control field | 210210b1999 xxu||||| |||| 00| 0 eng d |
| 040 ## - CATALOGING SOURCE | |
| Transcribing agency | AL |
| 041 ## - LANGUAGE CODE | |
| Language code of text/sound track or separate title | Sanskrit |
| 082 ## - DEWEY DECIMAL CLASSIFICATION NUMBER | |
| Classification number | S891.8 JOSA |
| 100 ## - MAIN ENTRY--PERSONAL NAME | |
| Personal name | JOSHI (M N). |
| Dates associated with a name | जोशी (एम्. एन्.) |
| 9 (RLIN) | 265967 |
| 245 ## - TITLE STATEMENT | |
| Title | Ayurvedopadeshsangrah: principles of ayurveda a collection. |
| Remainder of title | आयुर्वेदोपदेशसंग्रहः |
| 260 ## - PUBLICATION, DISTRIBUTION, ETC. | |
| Place of publication, distribution, etc. | Dharwad |
| Name of publisher, distributor, etc. | Roopa Publications |
| Date of publication, distribution, etc. | 1999 |
| 300 ## - PHYSICAL DESCRIPTION | |
| Extent | xxii,300 |
| 520 ## - SUMMARY, ETC. | |
| Summary, etc. | "This book is often used as a helpful reference to understand the principles, medicinal uses, and dietary and lifestyle rules of Ayurvedic treatises (such as the Charaka Samhita), as well as for research work. It provides a collection of practical and theoretical knowledge for students of Ayurveda, practitioners, and anyone interested in traditional medicine." |
| 650 ## - SUBJECT ADDED ENTRY--TOPICAL TERM | |
| Topical term or geographic name entry element | Ayurveda |
| 9 (RLIN) | 265968 |
| 690 ## - LOCAL SUBJECT ADDED ENTRY--TOPICAL TERM (OCLC, RLIN) | |
| Topical term or geographic name as entry element | Sanskrit Miscellaneous |
| 9 (RLIN) | 265969 |
| 906 ## - LOCAL DATA ELEMENT F, LDF (RLIN) | |
| a | 059749 |
| 942 ## - ADDED ENTRY ELEMENTS (KOHA) | |
| Source of classification or shelving scheme | Dewey Decimal Classification |
| Koha item type | Book |
| Withdrawn status | Lost status | Source of classification or shelving scheme | Damaged status | Not for loan | Collection code | Home library | Current library | Shelving location | Date acquired | Source of acquisition | Cost, normal purchase price | Total Checkouts | Full call number | Barcode | Date last seen | Date last checked out | Price effective from | Koha item type |
|---|---|---|---|---|---|---|---|---|---|---|---|---|---|---|---|---|---|---|
| Dewey Decimal Classification | Sanskrit | St Aloysius Library | St Aloysius Library | 02/17/2021 | Roopa Publications, Dharwad | 250.00 | 1 | S891.8 JOSA | 059749 | 01/07/2022 | 12/18/2021 | 02/17/2021 | Book |